| 000 | 00904 a2200217 4500 | ||
|---|---|---|---|
| 001 | 54109 | ||
| 005 | 20260407155811.0 | ||
| 008 | 260407a1959 arg spa d | ||
| 003 | AR-UNSa-BCEJYS | ||
| 040 |
_aAR-UNSa-BCEJYS _bspa _cAR-UNSa-BCEJYS |
||
| 080 |
_a330.4 _xEconomía matemática |
||
| 245 | 1 | 0 | _aAgregación lineal de relaciones economicas |
| 264 | 1 |
_aMadrid : _bAguilar _c1959 |
|
| 300 |
_a223 p. _c22 cm. |
||
| 505 | _aI. Introducción - II. Agregación sobre un conjunto de individuos - III. Agregación sobre varios conjuntos de individuos o de bienes - IV. Agregación sobre períodos de tiempo - V. Sistemas de macroecuaciones simultáneas - VI. Nuevas ampliaciones - VII. Agregación perfecta - VIII. Conclusiones - IX. Aclaraciones matemáticas | ||
| 041 | _aspa | ||
| 942 | _cBK | ||
| 590 | _aniveau_biblio:m niveau_hierar:0 | ||
| 100 | 1 | _aTheil, Henri | |
| 700 | 1 | _aCorrea, Héctor | |
| 999 |
_c5356 _d5356 |
||